| 000 | 00700cam a22002171 4500 | ||
|---|---|---|---|
| 001 | ca 30000020 | ||
| 003 | DLC | ||
| 005 | 20260227111122.0 | ||
| 008 | 880203s1923 pl aceh b 001 0 pol | ||
| 010 | _aca 30000020 | ||
| 035 | _a(OCoLC)19939930 | ||
| 040 |
_aDLC _cPU _dDLC |
||
| 042 | _apremarc | ||
| 050 | 0 | 0 |
_aZ818.K89 _bK |
| 100 | 1 | _aKonczyńska, Wanda. | |
| 245 | 1 | 0 |
_aZarys historji Bibljoteki Jagiellońskiej, _bz 40 rycinami w tekście i 3 planami. |
| 260 |
_aKraków, _bNakład własny, _c1923. |
||
| 300 |
_aiv, 203 p. _billus. (incl. ports., plans, facsims.) III plans _c29 cm. |
||
| 500 | _a"Z zasiłkiem 800.000 m. Ministerstwa W. R. i O. P." | ||
| 610 | 2 | 0 | _aBiblioteka Jagiellońska. |
| 999 |
_c16566 _d16566 |
||